Catálogo
 En Linea

La naturaleza del conflicto humano / (Registro nro. 35359)

Detalles MARC
000 -CABECERA
campo de control de longitud fija 00759nam a2200205 a 4500
001 - NÚMERO DE CONTROL
campo de control 000035868
005 - FECHA Y HORA DE LA ÚLTIMA TRANSACCIÓN
campo de control 20200930074659.0
008 - DATOS DE LONGITUD FIJA--INFORMACIÓN GENERAL
campo de control de longitud fija 111115s1975 mx 000 0 spa d
040 ## - FUENTE DE LA CATALOGACIÓN
Centro catalogador/agencia de origen DO-SdBNP
Lengua de catalogación spa
Centro/agencia transcriptor BNPHU
082 ## - NÚMERO DE LA CLASIFICACIÓN DECIMAL DEWEY
Número de clasificación xxx
Número de documento/Ítem M169n
100 1# - ENTRADA PRINCIPAL--NOMBRE DE PERSONA
Nombre de persona Mcneil, Elton
9 (RLIN) 61854
240 13 - TÍTULO UNIFORME
Título uniforme The nature of human conflict
Lenguaje de la obra español
245 13 - MENCIÓN DE TÍTULO
Título La naturaleza del conflicto humano /
Mención de responsabilidad, etc. Elton Mcneil ; traducción Carlos Sierra.
260 ## - PUBLICACIÓN, DISTRIBUCIÓN, ETC.
Lugar de publicación, distribución, etc. México :
Nombre del editor, distribuidor, etc. Fondo Cultural Económica,
Fecha de publicación, distribución, etc. 1975.
300 ## - DESCRIPCIÓN FÍSICA
Extensión 406 p. ;
Dimensiones 21 cm.
490 1# - MENCIÓN DE SERIE
Mención de serie Biblioteca de psicología y psicoanálisis
590 ## - NOTA LOCAL (RLIN)
Nota local Perteneció a la biblioteca personal de Juan Isidro Jimenes Grullón
700 1# - PUNTO DE ACCESO ADICIONAL--NOMBRE DE PERSONA
Nombre de persona Sierra, Carlos,
Término indicativo de función/relación tr.
9 (RLIN) 61855
830 #0 - PUNTO DE ACCESO ADICIONAL DE SERIE-TÍTULO UNIFORME
Título uniforme Biblioteca de psicología y psicoanálisis
9 (RLIN) 47704
Existencias
Estado de retiro Estado de pérdida Restricciones de uso No para préstamo Código de colección Localización permanente Ubicación/localización actual Ubicación en estantería Fecha de adquisición Número de inventario Total de préstamos Signatura topográfica completa Código de barras Fecha visto por última vez Precio válido a partir de Tipo de ítem Koha
        Monografías: Libros y Folletos General General Orden iniciada 15.11.2011 LF1   xxx M169n 35868-10 25.06.2020 25.06.2020 No se presta

Con tecnología Koha